000 00463nam a22001577a 4500
008 250515b |||||||| |||| 00| 0 eng d
020 _a9781119588610
050 _aHD30.213
_b.R35
100 _aRainer, Kelly
245 _aManagement Information System
250 _a4th Ed.
260 _aHoboken, New Jersey
_bJohn Wiley and Sons
_c2017
300 _axvii, 514p.
_bill.
650 _aManagement Information System
_vComputers/information Technology
942 _cBK
999 _c3518
_d3518